000
00312 a2200145 4500
001
178544
020
_a
040
_c
Magnum
100
_a
Fanny
240
1
0
_a
Quem tem medo de bruxa?
_l
SEM
245
1
0
_a
Quem tem medo de bruxa?
362
0
_a
1899
697
_a
MAGNITO: MAGNITO SEM ÁREA E AS
942
_c
BK
999
_c
178544
_d
178544